000
00246nam a2200097Ia 4500
001
1220757
005
20250827092816.0
008
250824s9999 xx 000 0 und d
245
0
_a
VAKİTSİZ KAYBEDENLER
_c
EDDİ ANTER
260
_b
DESTEK YAYINLARI
999
_c
1220757
_d
1220757